[Event "22nd ch-EUR Indiv 2022"]
[Site "Terme Catez SLO"]
[Date "2022.03.30"]
[Round "4.74"]
[White "Dardha, Daniel"]
[Black "Giannoulakis, Lampros"]
[Result "1-0"]
[WhiteTitle "GM"]
[BlackTitle "FM"]
[WhiteElo "2540"]
[BlackElo "2362"]
[WhiteFideId "240990"]
[BlackFideId "4247019"]
[EventDate "2022.03.27"]

1. d4 Nf6 2. c4 g6 3. h4 Bg7 4. Nc3 d6 5. e4 c5 6. d5 O-O 7. Be2 e6 8. h5 exd5
9. exd5 Re8 10. Kf1 Bf5 11. Nf3 Ne4 12. Nxe4 Bxe4 13. Ng5 Qe7 14. Be3 Bd4 15.
hxg6 hxg6 16. Qd2 Nd7 17. Bxd4 cxd4 18. Rh4 Nc5 19. b4 Qf6 20. bxc5 d3 21. Re1
dxe2+ 22. Kg1 Bf5 23. cxd6 Qxd6 24. Rh8+ Kg7 25. Qb2+ f6 26. Qxb7+ Bd7 27. Rh7+ 1-0

[Event "22nd ch-EUR Indiv 2022"]
[Site "Terme Catez SLO"]
[Date "2022.03.30"]
[Round "4.75"]
[White "Ortega Ruiz, Jose Miguel"]
[Black "Halkias, Stelios"]
[Result "1/2-1/2"]
[WhiteTitle "FM"]
[BlackTitle "GM"]
[WhiteElo "2331"]
[BlackElo "2527"]
[WhiteFideId "2209713"]
[BlackFideId "4201809"]
[EventDate "2022.03.27"]

1. d4 Nf6 2. c4 e6 3. Nf3 d5 4. e3 a6 5. Nbd2 c5 6. dxc5 Bxc5 7. a3 dxc4 8. Bxc4
b5 9. Be2 Bb7 10. b4 Bd6 11. Bb2 O-O 12. Nb3 Bd5 13. Na5 Bc7 14. Nb3 Nbd7 15.
O-O Qb8 16. h3 Rd8 17. Rc1 h6 18. Qc2 Rc8 19. Qb1 Ne4 20. Bd4 Ng5 21. Nxg5 hxg5
22. Nd2 Bh2+ 23. Kh1 Be5 24. Rxc8+ Qxc8 25. Qb2 Qc7 26. Bf3 Bxd4 27. Qxd4 Qe5
28. Qxe5 Nxe5 29. Rc1 Nd3 30. Rc3 Nxf2+ 31. Kg1 Bxf3 32. Kxf2 Bb7 33. Rc7 Rd8
34. Nb3 Bd5 35. Nc5 Bc4 36. Rd7 Ra8 37. Nb7 e5 38. e4 g6 39. Rc7 Kg7 40. a4 Ra7
41. a5 Kh6 42. Ke3 g4 43. h4 Be6 44. g3 Kg7 45. Nd6 Rxc7 46. Ne8+ Kf8 47. Nxc7
Bc8 48. Nd5 Ke8 49. Kd3 Kd8 50. Ke3 Be6 51. Nc3 Ke7 52. Nd1 Bc8 53. Nf2 Kd6 54.
Nd3 Bd7 55. Nc5 Bc8 56. Nd3 f6 57. Nc5 Kc6 58. Nd3 Kc7 59. Nc5 Kd6 60. Nd3 Ke7
61. Nc5 Kf7 62. Nd3 Kg8 63. Nc5 Kh7 64. Nd3 Kh6 65. Nc5 Kh5 66. Nd3 Be6 67. Nc5
Bc8 68. Nd3 g5 69. hxg5 Kxg5 70. Nc5 Kg6 71. Nd3 Kh6 72. Nc5 Kh5 73. Kf2 Kg5 74.
Ke3 Kg6 75. Nd3 Kg5 76. Nc5 Kh6 77. Kf2 Kg7 78. Ke3 Kg6 79. Nd3 Kg5 80. Nc5 Kg6 1/2-1/2

[Event "22nd ch-EUR Indiv 2022"]
[Site "Terme Catez SLO"]
[Date "2022.03.30"]
[Round "4.76"]
[White "Nesterov, Arseniy"]
[Black "Szwed, Jacek"]
[Result "1/2-1/2"]
[WhiteTitle "GM"]
[BlackTitle "FM"]
[WhiteElo "2522"]
[BlackElo "2357"]
[WhiteFideId "24198455"]
[BlackFideId "1126431"]
[EventDate "2022.03.27"]

1. d4 Nf6 2. c4 e6 3. Nc3 Bb4 4. Qc2 d5 5. Nf3 O-O 6. Bg5 c5 7. dxc5 h6 8. Bh4
Na6 9. e3 g5 10. Bg3 Ne4 11. cxd5 Naxc5 12. dxe6 Bxe6 13. Nd4 Qa5 14. Nxe6 Nxc3
15. Bc4 Nd5+ 16. Ke2 Nxe6 17. a3 Rac8 18. Qd3 Rfd8 19. axb4 Qxb4 20. Bxd5 Qxb2+
21. Kf3 Rc5 22. Rad1 Rcxd5 23. Qxd5 Rxd5 24. Rxd5 Qf6+ 25. Ke2 Qb2+ 26. Kf3 Qf6+
27. Ke2 Qb2+ 28. Kf3 1/2-1/2

[Event "22nd ch-EUR Indiv 2022"]
[Site "Terme Catez SLO"]
[Date "2022.03.30"]
[Round "4.77"]
[White "Nasuta, Grzegorz"]
[Black "Roebers, Eline"]
[Result "1-0"]
[WhiteTitle "GM"]
[WhiteElo "2518"]
[BlackElo "2331"]
[WhiteFideId "1141686"]
[BlackFideId "1058401"]
[EventDate "2022.03.27"]

1. e4 c5 2. Nf3 e6 3. d4 cxd4 4. Nxd4 Nc6 5. Nc3 Qc7 6. Be3 a6 7. Qf3 Nf6 8.
O-O-O Ne5 9. Qg3 b5 10. a3 h5 11. Bf4 d6 12. Bxb5+ axb5 13. Bxe5 dxe5 14. Ncxb5
Qc5 15. b4 Qc4 16. Qxe5 Bxb4 17. Nc7+ Kf8 18. Nxa8 Bxa3+ 19. Kb1 h4 20. Qb5 Qc3
21. Rd3 Nxe4 22. Qb6 Qb4+ 23. Rb3 Qxb6 24. Nxb6 Nd2+ 25. Ka2 Nxb3 26. Nxb3 1-0

[Event "22nd ch-EUR Indiv 2022"]
[Site "Terme Catez SLO"]
[Date "2022.03.30"]
[Round "4.78"]
[White "Noe, Christopher"]
[Black "Langheinrich, Ferenc"]
[Result "1-0"]
[WhiteTitle "IM"]
[BlackTitle "IM"]
[WhiteElo "2515"]
[BlackElo "2351"]
[WhiteFideId "24692018"]
[BlackFideId "4641973"]
[EventDate "2022.03.27"]

1. d4 d5 2. c4 dxc4 3. Nf3 Nf6 4. e3 e6 5. Bxc4 c5 6. O-O a6 7. Nc3 b5 8. Bb3
Bb7 9. Qe2 Nbd7 10. Rd1 Qc7 11. d5 Nxd5 12. Nxd5 Bxd5 13. Bxd5 exd5 14. Rxd5 Be7
15. e4 O-O 16. Bf4 Qb7 17. Rd2 c4 18. Nd4 Bb4 19. Rdd1 Nf6 20. e5 Rfe8 21. Nf5
Bf8 22. h3 Qe4 23. Qxe4 Nxe4 24. Nd6 Bxd6 25. exd6 c3 26. d7 Red8 27. Bc7 cxb2
28. Rab1 Nc3 29. Bxd8 Nxb1 30. Ba5 f6 31. Rxb1 1-0

[Event "22nd ch-EUR Indiv 2022"]
[Site "Terme Catez SLO"]
[Date "2022.03.30"]
[Round "4.79"]
[White "Sebenik, Matej"]
[Black "Dordzhieva, Dinara"]
[Result "1-0"]
[WhiteTitle "GM"]
[BlackTitle "WGM"]
[WhiteElo "2510"]
[BlackElo "2325"]
[WhiteFideId "14602296"]
[BlackFideId "24157570"]
[EventDate "2022.03.27"]

1. d4 Nf6 2. Nf3 d5 3. c4 e6 4. g3 Be7 5. Bg2 O-O 6. O-O dxc4 7. Qc2 a6 8. a4
Bd7 9. Qxc4 Bc6 10. Bf4 Nbd7 11. Nc3 Nd5 12. Nxd5 Bxd5 13. Qc2 Bxf3 14. Bxf3 c6
15. a5 Nf6 16. Qb3 Qd7 17. Rfd1 Nd5 18. Bd2 Rab8 19. e4 Nc7 20. Be3 Rfd8 21.
Rac1 h6 22. h4 Nb5 23. Bg4 Qe8 24. d5 exd5 25. exd5 Rxd5 26. Rxd5 cxd5 27. Qxd5
Bd6 28. Bb6 Qe5 29. Qxe5 Bxe5 30. Rc2 g6 31. Rd2 Kf8 32. f4 Bf6 33. Kg2 h5 34.
Bf3 Ke8 35. Bd5 Be7 36. Kf3 Bb4 37. Re2+ Kf8 38. Re4 Bd6 39. Ke2 Ba3 40. Kd3 Bd6
41. Rc4 Be7 42. Kc2 Bd6 43. Bg2 Be7 44. Kb3 Bf6 45. Bh3 Bd8 46. Ka4 Nd6 47. Bc5
Be7 48. Bxd6 Bxd6 49. Rc8+ Ke7 50. Rxb8 Bxb8 51. Bg2 Ba7 52. Bxb7 Bf2 53. Bxa6
Bxg3 54. Bc4 Bxf4 55. Kb5 Kd6 56. Bxf7 Bg3 57. b4 Bxh4 58. Ka6 Kc7 59. Bxg6 Bf2
60. Bxh5 Kb8 61. b5 1-0

[Event "22nd ch-EUR Indiv 2022"]
[Site "Terme Catez SLO"]
[Date "2022.03.30"]
[Round "4.80"]
[White "Bethke, Richard"]
[Black "Brunello, Sabino"]
[Result "1/2-1/2"]
[WhiteTitle "FM"]
[BlackTitle "GM"]
[WhiteElo "2327"]
[BlackElo "2508"]
[WhiteFideId "12959243"]
[BlackFideId "813613"]
[EventDate "2022.03.27"]

1. e4 c5 2. Nf3 d6 3. d4 cxd4 4. Nxd4 Nf6 5. Nc3 a6 6. Be3 e5 7. Nb3 Be6 8. f3
Nbd7 9. Qd2 Be7 10. O-O-O O-O 11. g4 b5 12. g5 Nh5 13. Nd5 Bxd5 14. exd5 f6 15.
h4 Ng3 16. Rg1 Nxf1 17. Rdxf1 a5 18. g6 f5 19. f4 a4 20. gxh7+ Kh8 21. Qg2 Bf6
22. fxe5 Nxe5 23. Nd4 Nc4 24. Bg5 Bxd4 25. Bxd8 Bxb2+ 26. Kb1 Raxd8 27. h5 Be5
28. h6 g6 29. Qxg6 Nd2+ 30. Kc1 Nxf1 31. Rxf1 f4 32. Rg1 f3 33. Rf1 f2 34. Qg2
Bd4 35. Kd2 Rc8 36. Qg4 Be5 37. Qg2 Bd4 38. Qg4 Bc3+ 39. Kd3 Be5 40. Qg2 Rc3+
41. Kd2 Rg3 42. Qh1 Rf5 43. Ke2 Rc3 44. Qe4 1/2-1/2

[Event "22nd ch-EUR Indiv 2022"]
[Site "Terme Catez SLO"]
[Date "2022.03.30"]
[Round "4.81"]
[White "Kanyamarala, Tarun"]
[Black "Blohberger, Felix"]
[Result "0-1"]
[WhiteTitle "FM"]
[BlackTitle "GM"]
[WhiteElo "2325"]
[BlackElo "2504"]
[WhiteFideId "45004714"]
[BlackFideId "1632051"]
[EventDate "2022.03.27"]

1. d4 Nf6 2. c4 e6 3. Nc3 Bb4 4. Qc2 d6 5. Nf3 Nbd7 6. g3 O-O 7. Bg2 e5 8. O-O
c6 9. a3 Bxc3 10. Qxc3 e4 11. Nd2 d5 12. f3 exf3 13. Bxf3 Re8 14. Re1 Nb6 15. e4
Bf5 16. e5 dxc4 17. Nxc4 Nfd5 18. Bxd5 Qxd5 19. b3 Bh3 20. Ra2 c5 21. dxc5 Qxc5+
22. Be3 Qc6 23. Rc2 Nd5 24. Qd2 Nxe3 25. Rxe3 Rec8 26. Rcc3 Qa6 27. Qc1 h6 28.
Red3 b5 29. Nd6 Rxc3 30. Rxc3 b4 31. axb4 Qe2 32. Rc2 Qxe5 33. Nc4 Qd4+ 34. Rf2
Re8 35. Nb2 Re2 0-1

[Event "22nd ch-EUR Indiv 2022"]
[Site "Terme Catez SLO"]
[Date "2022.03.30"]
[Round "4.82"]
[White "Demuth, Adrien"]
[Black "Yordanov, Lachezar"]
[Result "1-0"]
[WhiteTitle "GM"]
[BlackTitle "FM"]
[WhiteElo "2496"]
[BlackElo "2318"]
[WhiteFideId "642274"]
[BlackFideId "2918927"]
[EventDate "2022.03.27"]

1. c4 Nf6 2. Nf3 e6 3. b3 d5 4. Bb2 Be7 5. e3 O-O 6. Nc3 c5 7. cxd5 Nxd5 8. Be2
Nc6 9. O-O b6 10. Qc2 Bf6 11. Rad1 Nxc3 12. dxc3 Qe7 13. Nd2 Bb7 14. Ne4 Be5 15.
f4 Bc7 16. Ng5 g6 17. c4 f6 18. Ne4 Nb4 19. Qb1 Bxe4 20. Qxe4 Nxa2 21. f5 gxf5
22. Rxf5 Rae8 23. Qg4+ Qg7 24. Qxg7+ Kxg7 25. Rd7+ Kg6 26. Rf3 Rf7 27. Bd3+ f5
28. Rxc7 Rxc7 29. Rg3+ Kh6 30. Be5 1-0

[Event "22nd ch-EUR Indiv 2022"]
[Site "Terme Catez SLO"]
[Date "2022.03.30"]
[Round "4.83"]
[White "Saraci, Nderim"]
[Black "Deuer, Marius"]
[Result "1/2-1/2"]
[WhiteTitle "IM"]
[BlackTitle "FM"]
[WhiteElo "2488"]
[BlackElo "2304"]
[WhiteFideId "6351921"]
[BlackFideId "16236432"]
[EventDate "2022.03.27"]

1. Nf3 Nf6 2. c4 c5 3. Nc3 Nc6 4. d4 cxd4 5. Nxd4 e6 6. g3 Qb6 7. Nb3 Ne5 8. Bg2
Nxc4 9. e4 d6 10. O-O Bd7 11. Qe2 Rc8 12. Rd1 Be7 13. Rd4 Ne5 14. h3 O-O 15. Be3
Qc7 16. Rad1 Nc4 17. Bc1 Rfd8 18. Nd2 Nxd2 19. Bxd2 e5 20. Rd3 Be6 21. b3 a6 22.
Bg5 b5 23. Bxf6 Bxf6 24. Bf3 Qa5 25. Nd5 Bxd5 26. Rxd5 Qb6 27. Qd2 Rc6 28. Be2 1/2-1/2

[Event "22nd ch-EUR Indiv 2022"]
[Site "Terme Catez SLO"]
[Date "2022.03.30"]
[Round "4.84"]
[White "Ioannidis, Evgenios"]
[Black "Beydullayeva, Govhar"]
[Result "1/2-1/2"]
[WhiteTitle "IM"]
[BlackTitle "WIM"]
[WhiteElo "2481"]
[BlackElo "2308"]
[WhiteFideId "4229274"]
[BlackFideId "13413015"]
[EventDate "2022.03.27"]

1. e4 c5 2. Nf3 d6 3. Bb5+ Bd7 4. Bxd7+ Nxd7 5. O-O Ngf6 6. Qe2 e6 7. a3 Be7 8.
b4 O-O 9. bxc5 Nxc5 10. Nc3 d5 11. e5 Nfe4 12. Nb5 a6 13. Nbd4 Na4 14. d3 Nec3
15. Qe3 Qd7 16. Qf4 Nb5 17. Nf5 exf5 18. Qxa4 d4 19. Bb2 Rfd8 20. Qb3 Rac8 21.
Rfb1 Bc5 22. a4 Nc7 23. Ba3 Bxa3 24. Rxa3 Ne6 25. Qxb7 Qxb7 26. Rxb7 Rxc2 27. g3
g6 28. Kg2 Rc3 29. Rab3 Rdc8 30. R3b6 Rxd3 31. Ra7 Rc7 32. Ra8+ Kg7 33. Raxa6
Nc5 34. Ra8 Ne4 35. Rb2 Rcc3 36. Ng1 Rb3 37. Rxb3 Rxb3 38. Nf3 d3 39. Rd8 Ra3
40. h4 Rxa4 41. Ng5 h6 42. Nxe4 fxe4 43. f3 Ra2+ 44. Kh3 d2 45. fxe4 h5 46. g4
Ra3+ 47. Kg2 hxg4 48. Rxd2 Re3 49. Rd8 Rxe4 50. Kg3 Rxe5 51. Kxg4 Re4+ 52. Kg3
f5 53. Ra8 Re3+ 54. Kg2 Kf6 55. Ra6+ Re6 56. Ra5 Rb6 57. Kg3 Rb3+ 58. Kg2 f4 59.
Rg5 Ra3 60. Kh2 Ra2+ 61. Kh3 Rf2 62. Ra5 Rf3+ 63. Kg4 Rf1 64. Rb5 f3 65. Kg3 Kg7
66. h5 gxh5 67. Rxh5 1/2-1/2

[Event "22nd ch-EUR Indiv 2022"]
[Site "Terme Catez SLO"]
[Date "2022.03.30"]
[Round "4.85"]
[White "Van Dael, Siem"]
[Black "Dudin, Gleb"]
[Result "0-1"]
[WhiteTitle "FM"]
[BlackTitle "IM"]
[WhiteElo "2307"]
[BlackElo "2477"]
[WhiteFideId "1049771"]
[BlackFideId "34184934"]
[EventDate "2022.03.27"]

1. e4 e5 2. Nf3 Nc6 3. Bc4 Bc5 4. c3 Nf6 5. d3 d6 6. O-O h6 7. Nbd2 a6 8. a4 Ba7
9. Re1 O-O 10. h3 Be6 11. b4 Re8 12. b5 Na5 13. Bxe6 Rxe6 14. c4 c6 15. Rb1 Re8
16. Ra1 Re6 17. Rb1 Rc8 18. Nf1 d5 19. exd5 cxd5 20. c5 Nd7 21. d4 exd4 22. Rxe6
fxe6 23. b6 Bb8 24. Qe1 e5 25. Qxa5 Nxc5 26. Ba3 Ne6 27. Qd2 Nf4 28. Ng3 Rc6 29.
Rc1 Qxb6 30. Re1 Re6 31. Qc2 Qc6 32. Qf5 Rf6 33. Qg4 Nd3 34. Rf1 Qe6 35. Qh4 Ba7
36. Nh5 Rf7 37. Kh2 e4 38. Ne1 Ne5 39. Bc1 d3 40. Nf4 Qd6 41. Qg3 Bb8 42. f3 Nc4 0-1

[Event "22nd ch-EUR Indiv 2022"]
[Site "Terme Catez SLO"]
[Date "2022.03.30"]
[Round "4.86"]
[White "Uruci, Endrit"]
[Black "Loiseau, Quentin"]
[Result "1/2-1/2"]
[WhiteTitle "FM"]
[BlackTitle "IM"]
[WhiteElo "2304"]
[BlackElo "2474"]
[WhiteFideId "22100199"]
[BlackFideId "665274"]
[EventDate "2022.03.27"]

1. e4 c5 2. Nf3 e6 3. d4 cxd4 4. Nxd4 Nf6 5. Nc3 Nc6 6. Ndb5 d6 7. Bf4 e5 8. Bg5
a6 9. Na3 b5 10. Bxf6 gxf6 11. Nd5 Bg7 12. c4 f5 13. Bd3 Ne7 14. Nxe7 Qxe7 15.
O-O O-O 16. Qe2 d5 17. cxd5 fxe4 18. Bxe4 Rb8 19. Rfd1 Rb6 20. Rac1 Bd7 21. d6
Rxd6 22. Rxd6 Qxd6 23. Rd1 Qc7 24. Qd3 f5 25. Qxd7 Qxd7 26. Rxd7 fxe4 27. Nc2
Bh6 28. g3 Rc8 29. Nb4 e3 30. fxe3 Bxe3+ 31. Kg2 Bd4 32. Kf3 Bxb2 33. Nd5 Rf8+
34. Ke4 Bd4 35. Ne7+ Kh8 36. Nf5 b4 37. Rb7 a5 38. g4 Rg8 39. Nh6 Rf8 40. g5 Bc3
41. h4 a4 42. h5 Bd2 43. Nf7+ Kg8 44. g6 hxg6 45. hxg6 b3 46. axb3 axb3 47. Rxb3
Rxf7 48. gxf7+ Kxf7 49. Kxe5 Be1 50. Kf5 Bf2 51. Rb7+ Ke8 52. Ke6 Kd8 53. Rb2
Bg3 54. Rc2 Bf4 55. Rf2 Bg3 56. Rg2 Bf4 57. Rg7 Kc8 58. Kd5 Kb8 59. Kc6 Ka8 60.
Rf7 Bg3 61. Kb6 Bh2 62. Rg7 Bb8 63. Rh7 Bg3 64. Ra7+ Kb8 65. Ra2 Bf4 66. Ra3 Be5
67. Rd3 Ka8 68. Rd8+ Bb8 69. Kc6 Ka7 70. Rd7+ Ka8 71. Rb7 Bg3 72. Rb3 Bb8 73.
Kb6 Ba7+ 74. Kc7 Bf2 75. Rb8+ Ka7 76. Rg8 Be3 77. Rf8 Bd4 78. Re8 Bb6+ 79. Kc6
Bf2 80. Re7+ Ka8 81. Re2 Ba7 82. Kc7 Bb8+ 83. Kc8 Ba7 84. Rb2 Be3 85. Rb8+ Ka7
86. Rb3 Bf2 87. Kc7 Ka8 88. Rf3 Bg1 89. Rh3 Bf2 90. Ra3+ Ba7 91. Rd3 Bf2 92. Rh3
Bg1 93. Rh8+ Ka7 94. Rh1 Bb6+ 95. Kc6 Bf2 96. Rh3 Ka8 97. Kc7 Bg1 98. Ra3+ Ba7
99. Rb3 Bf2 100. Ra3+ Ba7 101. Rxa7+ Kxa7 1/2-1/2

[Event "22nd ch-EUR Indiv 2022"]
[Site "Terme Catez SLO"]
[Date "2022.03.30"]
[Round "4.87"]
[White "Palczert, Matyas"]
[Black "Holm, Kristian Stuvik"]
[Result "0-1"]
[BlackTitle "IM"]
[WhiteElo "2284"]
[BlackElo "2468"]
[WhiteFideId "784958"]
[BlackFideId "1508083"]
[EventDate "2022.03.27"]

1. e4 c6 2. d4 d5 3. Nc3 dxe4 4. Nxe4 Bf5 5. Ng3 Bg6 6. h4 h6 7. Nf3 Nd7 8. h5
Bh7 9. Bd3 Bxd3 10. Qxd3 e6 11. Bd2 Ngf6 12. O-O-O Be7 13. Kb1 Qb6 14. Nh4 O-O-O
15. f4 c5 16. Be3 Nd5 17. Nf3 Qc7 18. Ne2 c4 19. Qd2 N7f6 20. c3 Ne4 21. Qc1 Rd6
22. Nd2 Nef6 23. Bg1 Ra6 24. a3 Rd8 25. f5 Ng4 26. Ne4 exf5 27. Nc5 Rc6 28. Rf1
Bg5 29. Qe1 b6 30. Na6 Qb7 31. Nb4 Nxb4 32. axb4 Re6 0-1

[Event "22nd ch-EUR Indiv 2022"]
[Site "Terme Catez SLO"]
[Date "2022.03.30"]
[Round "4.88"]
[White "Markoja, Boris"]
[Black "Eric, Jovana"]
[Result "1-0"]
[WhiteTitle "IM"]
[BlackTitle "WGM"]
[WhiteElo "2461"]
[BlackElo "2278"]
[WhiteFideId "14608502"]
[BlackFideId "938238"]
[EventDate "2022.03.27"]

1. d4 Nf6 2. c4 e6 3. Nc3 Bb4 4. e3 O-O 5. Bd3 d5 6. Ne2 b6 7. O-O Bb7 8. b3
Nbd7 9. Bb2 Re8 10. Qc2 Bf8 11. Rfd1 Rc8 12. Rac1 h6 13. Qb1 a6 14. a3 Bd6 15.
cxd5 exd5 16. Ng3 c6 17. Qc2 Nf8 18. e4 Bf4 19. e5 Ng4 20. Nce2 Bxc1 21. Qxc1 c5
22. Qf4 h5 23. Nxh5 Nh6 24. Qg3 Ng6 25. Bxg6 fxg6 26. Qxg6 Re7 27. Bc1 Rc6 28.
Nf6+ Kf8 29. Bxh6 Rf7 30. Nf4 cxd4 31. Qg5 Rfc7 32. Bxg7+ Rxg7 33. Nh7+ Ke8 34.
Qxg7 1-0

[Event "22nd ch-EUR Indiv 2022"]
[Site "Terme Catez SLO"]
[Date "2022.03.30"]
[Round "4.89"]
[White "Kanov, Nikola"]
[Black "Cvitan, Ognjen"]
[Result "0-1"]
[WhiteTitle "CM"]
[BlackTitle "GM"]
[WhiteElo "2265"]
[BlackElo "2458"]
[WhiteFideId "2928531"]
[BlackFideId "14500086"]
[EventDate "2022.03.27"]

1. e4 c5 2. Nf3 d6 3. d4 cxd4 4. Nxd4 Nf6 5. Nc3 a6 6. Be3 e5 7. Nb3 Be7 8. f3
Be6 9. Qd2 h5 10. Nd5 Nxd5 11. exd5 Bf5 12. a4 O-O 13. a5 Nd7 14. Be2 Bh4+ 15.
g3 Be7 16. O-O Bh3 17. Rfe1 Nf6 18. Ra4 Qd7 19. Rb4 Rfe8 20. c3 Bd8 21. Bd1 e4
22. Bf4 exf3 23. Rxe8+ Qxe8 24. Bxf3 Qd7 25. c4 Rc8 26. Qe3 Ng4 27. Qd2 Bf6 28.
Bg2 Ne5 29. Bxe5 Bxe5 30. c5 Bxg2 31. Kxg2 dxc5 32. Rb6 h4 33. d6 h3+ 34. Kg1 c4
35. Nc1 Rc6 36. Rxb7 Qxb7 37. d7 Bf6 38. d8=Q+ Bxd8 39. Qxd8+ Kh7 40. Qd5 Qa7+
41. Kh1 Re6 42. Ne2 Qf2 43. Ng1 Re1 0-1

[Event "22nd ch-EUR Indiv 2022"]
[Site "Terme Catez SLO"]
[Date "2022.03.30"]
[Round "4.90"]
[White "Blagojevic, Tijana"]
[Black "Maksimovic, Bojan"]
[Result "0-1"]
[WhiteTitle "WIM"]
[BlackTitle "IM"]
[WhiteElo "2260"]
[BlackElo "2455"]
[WhiteFideId "16500270"]
[BlackFideId "14408120"]
[EventDate "2022.03.27"]

1. e4 c5 2. Nf3 e6 3. g3 Nc6 4. d4 cxd4 5. Nxd4 Nf6 6. Bg2 d5 7. exd5 exd5 8.
O-O Be7 9. Nc3 Bg4 10. f3 Bd7 11. Be3 O-O 12. Bf2 Rc8 13. Nde2 Bf5 14. g4 Be6
15. Nf4 Bd6 16. Nce2 Qc7 17. Qd2 Ne5 18. c3 Nc4 19. Qc1 Rfe8 20. Kh1 Bd7 21. Bd4
Qd8 22. b3 Ba3 23. Qc2 Ne3 24. Bxe3 Rxe3 25. g5 Ne8 26. Nxd5 Re6 27. Ndf4 Re5
28. Rad1 Rxg5 29. b4 Bxb4 30. Qe4 Bd6 31. Qxb7 Ra5 32. Rd2 Bc6 33. Qb1 Qg5 34.
Rd4 Rb8 35. Qd3 Be5 36. Nh3 Qf6 37. Rb4 Rd8 38. Qc2 Rad5 39. Nd4 Ba8 40. Nf2 Qf4
41. Ng4 Bxd4 42. cxd4 Rxd4 43. Rxd4 Qxd4 44. f4 Bxg2+ 45. Qxg2 Nf6 46. Nh6+ Kf8
47. Nf5 Qd5 48. Ne3 Qxg2+ 49. Kxg2 Rd3 50. Nc4 Nd5 51. Ne5 Rd2+ 52. Kg3 f6 53.
Nc6 Rxa2 54. Rb1 a5 55. Rb8+ Kf7 56. f5 h5 57. Rb7+ Kg8 58. Rb8+ Kh7 59. Rd8
Ra3+ 60. Kf2 Ne3 61. Ne7 Ng4+ 62. Kg2 h4 63. h3 Ne5 64. Ra8 Ra2+ 65. Kf1 a4 66.
Nd5 a3 67. Nc3 Rh2 68. Rxa3 Nc4 69. Ra4 Ne3+ 70. Kg1 Rxh3 71. Rf4 Nxf5 72. Rxf5
Rxc3 73. Rh5+ Kg6 74. Rxh4 Rc2 75. Rg4+ Kf7 76. Ra4 g5 77. Ra7+ Kg6 78. Ra6 g4
79. Kf1 Kg5 80. Kg1 f5 81. Kh1 g3 82. Ra8 Kg4 83. Kg1 f4 84. Ra1 f3 0-1

[Event "22nd ch-EUR Indiv 2022"]
[Site "Terme Catez SLO"]
[Date "2022.03.30"]
[Round "4.91"]
[White "Neverov, Valeriy"]
[Black "Muetsch, Annmarie"]
[Result "1/2-1/2"]
[WhiteTitle "GM"]
[BlackTitle "WIM"]
[WhiteElo "2453"]
[BlackElo "2263"]
[WhiteFideId "14100150"]
[BlackFideId "12971367"]
[EventDate "2022.03.27"]

1. d4 Nf6 2. Nf3 g6 3. g3 Bg7 4. Bg2 O-O 5. O-O d6 6. c4 Nc6 7. Nc3 a6 8. Bf4
Rb8 9. Rc1 Bd7 10. Qd2 b5 11. cxb5 axb5 12. Bh6 b4 13. Nb1 e6 14. Bxg7 Kxg7 15.
Rc4 d5 16. Rcc1 Ne4 17. Qe3 Ra8 18. Ne5 Nxe5 19. dxe5 f5 20. exf6+ Nxf6 21. a3
bxa3 22. Nxa3 c6 23. Nc2 Qb8 24. Qc3 Ra4 25. b3 Ra6 26. Ra1 Rb6 27. b4 e5 28. f4
Re8 29. h3 Rb7 30. g4 h6 31. e3 d4 32. exd4 exf4 33. Rfe1 Nd5 34. Bxd5 cxd5 35.
Re5 Rc7 36. Qd2 Rxe5 37. dxe5 Rc4 38. Qf2 Qxe5 39. Ra7 Qd6 40. b5 d4 41. Ne1 d3
42. Nf3 Rc1+ 43. Kg2 Rc2 44. Nd2 Kg8 45. Ra8+ Bc8 46. Kg1 Qd5 47. Qb6 Qxa8 48.
Qxg6+ Kf8 49. Qxh6+ Ke7 50. Qg5+ Kd7 51. Qf5+ Kc7 52. Qxf4+ Kb7 53. Qe4+ Kb8 54.
Qf4+ Kb7 55. Qe4+ Kb8 56. Qf4+ Ka7 57. Qa4+ Kb7 1/2-1/2

[Event "22nd ch-EUR Indiv 2022"]
[Site "Terme Catez SLO"]
[Date "2022.03.30"]
[Round "4.92"]
[White "Stella, Andrea"]
[Black "Mitev, Valentin"]
[Result "1-0"]
[WhiteTitle "GM"]
[BlackTitle "FM"]
[WhiteElo "2444"]
[BlackElo "2255"]
[WhiteFideId "827061"]
[BlackFideId "2921707"]
[EventDate "2022.03.27"]

1. d4 d5 2. c4 dxc4 3. Nf3 Nf6 4. e3 e6 5. Bxc4 c5 6. O-O Nc6 7. Nc3 a6 8. d5
Na5 9. b3 b5 10. Bd3 exd5 11. e4 d4 12. e5 Nd5 13. Nxd5 Qxd5 14. Ng5 Ra7 15. Be4
Qd8 16. Bd2 Be7 17. Nxh7 g6 18. Nf6+ Bxf6 19. exf6 Qd6 20. h3 Nc6 21. Re1 O-O
22. Qf3 Nb8 23. Bf4 Qb6 24. Qg3 Nd7 25. Bxg6 Qxf6 26. Bf5+ Qg7 27. Qh4 Qh8 28.
Bh6 Ne5 29. Qg5+ Ng6 30. Bxg6 fxg6 31. Bxf8 Kxf8 32. Qxc5+ 1-0

[Event "22nd ch-EUR Indiv 2022"]
[Site "Terme Catez SLO"]
[Date "2022.03.30"]
[Round "4.93"]
[White "Shpanko, Nadiia"]
[Black "Godena, Michele"]
[Result "0-1"]
[WhiteTitle "WIM"]
[BlackTitle "GM"]
[WhiteElo "2247"]
[BlackElo "2442"]
[WhiteFideId "14132400"]
[BlackFideId "800090"]
[EventDate "2022.03.27"]

1. e4 e5 2. Nf3 Nc6 3. Nc3 Nf6 4. d4 Bb4 5. Nxe5 Bxc3+ 6. bxc3 Qe7 7. Nxc6 Qxe4+
8. Qe2 dxc6 9. f3 Qxe2+ 10. Bxe2 Bf5 11. Bd1 Nd5 12. Bd2 O-O-O 13. Kf2 Nb6 14.
g4 Bg6 15. h4 h5 16. gxh5 Bxh5 17. Be2 Bg6 18. Rag1 Rd5 19. f4 Rh7 20. Bd3 Bxd3
21. cxd3 Ra5 22. Ra1 Ra3 23. Ke2 Rh8 24. Kd1 Nd5 25. Kc2 b5 26. Kb2 b4 27. c4
Nc3 28. Bxc3 Rxc3 29. a3 Rxd3 30. axb4 Re8 31. Kc2 Rxd4 32. Rxa7 Rxc4+ 33. Kb3
Ree4 34. Ra8+ Kb7 35. Rha1 Rxb4+ 36. Kc3 c5 37. R1a7+ Kc6 38. Ra6+ Kd7 39. Rg8
Re3+ 40. Kd2 Rg3 41. Raa8 Rxf4 42. Rgd8+ Kc6 43. Ra6+ Kb5 44. Rda8 Rxh4 0-1

[Event "22nd ch-EUR Indiv 2022"]
[Site "Terme Catez SLO"]
[Date "2022.03.30"]
[Round "4.94"]
[White "Tutisani, Noe"]
[Black "Marn, Jan"]
[Result "1-0"]
[WhiteTitle "IM"]
[BlackTitle "FM"]
[WhiteElo "2442"]
[BlackElo "2232"]
[WhiteFideId "13602853"]
[BlackFideId "14619245"]
[EventDate "2022.03.27"]

1. e4 e5 2. Nf3 Nc6 3. Bb5 a6 4. Ba4 Nf6 5. O-O Be7 6. Re1 b5 7. Bb3 d6 8. a4 b4
9. a5 O-O 10. c3 Rb8 11. Bc4 bxc3 12. dxc3 Na7 13. Qe2 Nb5 14. Rd1 Qe8 15. Ba2
Be6 16. c4 Na7 17. Nc3 c5 18. Bg5 Nh5 19. Qd2 f6 20. Be3 Nc6 21. Nd5 Bd8 22. Bb1
Rf7 23. Bd3 Rfb7 24. Rdb1 Qf7 25. h3 f5 26. Bg5 Nd4 27. Nxd4 cxd4 28. Bxd8 Rxd8
29. f3 Bxd5 30. cxd5 Ra8 31. b4 Nf4 32. b5 Nxd3 33. Qxd3 fxe4 34. fxe4 Rxb5 35.
Rxb5 axb5 36. Qxb5 Qa7 37. Kh2 Qa6 38. Qd7 Kh8 39. Qc6 Qxc6 40. dxc6 Kg8 41. a6
Kf7 42. c7 d3 43. Rb1 d2 44. Rb8 d1=Q 45. Rxa8 Qc1 46. c8=Q Qf4+ 47. Kg1 Qe3+
48. Kf1 Qf4+ 49. Ke2 Qxe4+ 50. Kd2 Qd5+ 51. Kc1 1-0